00752nai a2200193Ia 4500003000900000008004100009022002200050022002300072040001600095245006800111260008600179310001400265362003600279521006900315650004700384650002000431650001400451856009300465IN-BaIIA211028c9999 xx s 000 0 eng d a0096-252X (Print) a2331-1657 (Online) cIIA Library 0aIRE Transactions on Space Electronics and Telemetryh[eJournal] aNew York, USAbThe Institute of Electrical and Electronics Engineers, Inc. (IEEE) aQuarterly aSET-5(1); 1959 - SET-8(4); 1962 bSubscribed through National Knowledge Resource Consortium (NKRC) a Components, Circuits, Devices and Systems a Transportation aAerospace uhttps://ieeexplore.ieee.org/servlet/opac?punumber=5008636yClick Here to Access eJournal